[Event "IECC Swiss email"]
[Site "IECC email"]
[Date "2002.08.11"]
[Round "?"]
[White "Bell, Barry"]
[Black "Smith, Bryan A"]
[Result "1-0"]
[WhiteElo "1944"]
[BlackElo "1406"]
[PlyCount "67"]
[EventDate "2002.??.??"]
[EventType "tourn (corr)"]
[EventRounds "6"]
[SourceTitle "Corr 2008"]
[Source "ChessBase"]
[SourceDate "2008.06.24"]
[SourceVersion "1"]
[SourceVersionDate "2008.06.24"]
[SourceQuality "1"]

1. d4 Nf6 2. Nf3 d6 3. Bf4 g6 4. e3 Bg7 5. Be2 0-0 6. h3 Nc6 7. 0-0 Re8 8. Nc3 Nd7 9. d5 Nce5 10. Qd2 Nxf3+ 11. Bxf3 Ne5 12. Be2 c6 13. e4 cxd5 14. Nxd5 e6 15. Nc3 a6 16. Rad1 b5 17. Qxd6 Qxd6 18. Rxd6 Bb7 19. Rfd1 Nc6 20. Rd7 Na5 21. Bc7 Nc4 22. Bxc4 bxc4 23. e5 Rec8 24. Na4 Bc6 25. Nb6 Bxd7 26. Rxd7 Rxc7 27. Rxc7 Bxe5 28. Nxa8 Bxc7 29. Nxc7 a5 30. a4 Kf8 31. Nb5 Ke7 32. c3 Kd7 33. Na3 Kc6 34. Nxc4 1-0

[Event "IECC Swiss email"]
[Site "IECC email"]
[Date "2002.01.13"]
[Round "?"]
[White "Smith, Bryan A"]
[Black "Dunn, Carl"]
[Result "0-1"]
[WhiteElo "1408"]
[BlackElo "1927"]
[PlyCount "68"]
[EventDate "2002.??.??"]
[EventType "tourn (corr)"]
[EventRounds "6"]
[SourceTitle "Corr 2008"]
[Source "ChessBase"]
[SourceDate "2008.06.24"]
[SourceVersion "1"]
[SourceVersionDate "2008.06.24"]
[SourceQuality "1"]

1. c4 e5 2. Nc3 f5 3. g3 Nf6 4. Bg2 Bb4 5. e3 0-0 6. Nge2 c6 7. a3 Ba5 8. b4 Bc7 9. 0-0 d5 10. Qb3 Be6 11. cxd5 Nxd5 12. Nxd5 Bxd5 13. Bxd5+ Qxd5 14. Qxd5+ cxd5 15. Nc3 Rd8 16. Bb2 Nc6 17. Rac1 Rac8 18. Rfd1 e4 19. b5 Ne5 20. Ne2 Nd3 21. Rc2 Bxg3 22. Rxc8 Bxf2+ 23. Kf1 Rxc8 24. Bc3 Bh4 25. Nd4 g6 26. Nb3 Be7 27. a4 Bd6 28. Kg1 f4 29. exf4 Bxf4 30. Na5 e3 31. Kf1 exd2 32. Bxd2 Nb2 33. Rb1 Bxd2 34. Rxb2 Bxa5 0-1

[Event "IECC Y2KO email"]
[Site "IECC email"]
[Date "1999.10.14"]
[Round "?"]
[White "Stringer, Viv"]
[Black "Smith, Bryan A"]
[Result "1-0"]
[WhiteElo "2074"]
[BlackElo "1475"]
[PlyCount "41"]
[EventDate "1999.??.??"]
[EventType "tourn (corr)"]
[EventRounds "2"]
[SourceTitle "Corr 2008"]
[Source "ChessBase"]
[SourceDate "2008.06.24"]
[SourceVersion "1"]
[SourceVersionDate "2008.06.24"]
[SourceQuality "1"]

1. e4 c5 2. Nf3 Nc6 3. Bb5 a6 4. Bxc6 bxc6 5. 0-0 g6 6. d4 cxd4 7. Qxd4 Nf6 8. e5 Nd5 9. c4 Nc7 10. e6 f6 11. exd7+ Bxd7 12. Re1 e5 13. Nxe5 Ne6 14. Nxd7 Qxd7 15. Qxf6 Rg8 16. Bh6 Bxh6 17. Rxe6+ Qxe6 18. Qxe6+ Kf8 19. Qf6+ Ke8 20. Nc3 Rd8 21. Re1+ 1-0

[Event "IECC CL5-1999.15"]
[Site "IECC email"]
[Date "1999.05.14"]
[Round "?"]
[White "Pedersen, Jan"]
[Black "Smith, Bryan A"]
[Result "0-1"]
[WhiteElo "1543"]
[BlackElo "1493"]
[PlyCount "68"]
[EventDate "1999.??.??"]
[EventType "tourn (corr)"]
[EventRounds "4"]
[SourceTitle "Corr 2008"]
[Source "ChessBase"]
[SourceDate "2008.06.24"]
[SourceVersion "1"]
[SourceVersionDate "2008.06.24"]
[SourceQuality "1"]

1. e4 c5 2. Nf3 d6 3. c3 Nc6 4. d4 cxd4 5. cxd4 Bg4 6. Be2 g6 7. h3 Bxf3 8. Bxf3 Bg7 9. e5 dxe5 10. Bxc6+ bxc6 11. dxe5 Qxd1+ 12. Kxd1 Bxe5 13. Nc3 Nf6 14. Be3 Nd5 15. Bd2 Rd8 16. Nxd5 Rxd5 17. Kc2 0-0 18. Bc3 Bxc3 19. bxc3 Rfd8 20. Rhd1 Rxd1 21. Rxd1 Rxd1 22. Kxd1 f5 23. Ke2 Kf7 24. Ke3 e5 25. Kd3 Ke6 26. g3 Kd5 27. f3 e4+ 28. Ke3 exf3 29. Kxf3 Kc4 30. g4 fxg4+ 31. Kxg4 Kxc3 32. Kg5 c5 33. Kh6 c4 34. h4 Kd4 0-1